| 000 | 00823nam a2200217Ia 4500 | ||
|---|---|---|---|
| 008 | 160319s9999 xx 000 0 und d | ||
| 245 | _aIce Age / | ||
| 245 | _cTwentieth Century Fox presents a Blue Sky Studios production ; directed by Chris Wedge ; co-directed by Carlos Saldanha ; produced by Lori Forte ; story by Michael J. Wilson ; screenplay by Michael Berg and Michael J. Wilson and Peter Ackerman. | ||
| 260 | _aBeverly Hills, Calif. : | ||
| 260 | _b20th Century Fox Home Entertainment, | ||
| 260 | _c2002 | ||
| 300 | _a2 videodiscs (ca. 81 min.) : | ||
| 300 | _bsound, colored ; | ||
| 300 | _c4 3/4 in. | ||
| 650 | _aGlacial epoch -- | ||
| 650 | _aSaber-toothed tigers -- | ||
| 650 | _aWoolly mammoth -- | ||
| 650 | _xJuvenile drama. | ||
| 650 | _xJuvenile drama. | ||
| 650 | _xJuvenile drama. | ||
| 999 |
_c292686 _d292686 |
||